Statistics for Total War: Warhammer Legendary Lords

Click here to take the quiz!

General Stats

  • This quiz has been taken 708 times
    (236 since last reset)
  • The average score is 30 of 86

Answer Stats

FactionLegendary Lord% Correct
ReiklandKarl Franz
96%
SylvaniaVlad von Carstein
78%
SollandBalthasar Gelt
67%
SylvaniaIsabella von Carstein
67%
The Cult of SigmarVolkmar the Grim
67%
Black CragGrimgor Ironhide
61%
Drakenhof ConclaveMannfred von Carstein
61%
Warhost of the ApocalypseArchaon the Everchosen
60%
Broken Axe TribeGrom the Paunch
60%
LothernTyrion
59%
NaggarondMalekith the Witch King
57%
MiddenheimBoris Todbringer
50%
Crooked MoonSkarsnik
50%
Karaz-A-KarakThorgrim Grudgebearer
50%
Legion of the GorequeenValkia the Bloody
50%
Order of LoremastersTeclis
47%
MousillonThe Red Duke
46%
The FecunditesFestus the Leechlord
45%
Cult of PleasureMorathi
45%
The Shadow LegionBe'lakor
44%
TalsynOrion
44%
Caravan of Blue RosesHelman Ghorst
43%
The Decadent HostSigvald the Magnificent
43%
The Ancestral ThrongGrombrindal the White Dwarf
42%
The Barrow LegionHeinrich Kemmler
42%
Heralds of the TempestKholek Suneater
42%
The Huntsmarshal's ExpeditionMarkus Wulfhart
42%
The Ecstatic LegionsAzazel
40%
Clan AngrundBelegar Ironhammer
40%
HexoatlLord Mazdamundi
39%
Slaughterhorn TribeTaurox the Brass Bull
39%
Clan SkryreIkit Claw
38%
Puppets of MisruleVilitch the Curseling
38%
Bloody HandzWurrzag Da Great Green Prophet!
37%
ArgwylonDurthu
36%
Knights of CaledorPrince Imrik
36%
Clan MorsQueek Headtaker
35%
YvresseEltharion the Grim
34%
KhemriSettra, Great King, The Imperishable, Khemrikhara, The Great King Of Nehekera, King Of Kings, Opener Of The Way, Wielder Of The Divine Flame, Punisher Of Nomads, The Great Unifier, Commander Of The Golden Legion, Sacred Of Appearance, Bringer Of Light, Father Of Hawks, Builder Of Cities, Protector Of The Two Worlds, Keeper Of The Hours, Chosen Of Ptra, High Steward Of The Horizon, Sailor Of The Great Vitae, Sentinel Of The Two Realms, The Undisputed, Begetter Of The Begat, Scourge Of The Faithless, Carrion-feeder, First Of The Charnel Valley, Rider Of The Sacred Chariot, Vanquisher Of Vermin, Champion Of The Death Arena, Mighty Lion Of The Infinite Desert, Emperor Of The Shifting Sands, He Who Holds The Sceptre, Great Hawk Of The Heavens, Arch-sultan Of Atalan, Waker Of The Hierotitan, Monarch Of The Sky, Majestic Emperor Of The Shifting Sands, Champion Of The Desert Gods, Breaker Of The Ogre Clans, Builder Of The Great Pyramid, Terror Of The Living, Master Of The Never-ending Horizon, Master Of The Necropolises, Taker Of Souls, Tyrant To The Foolish, Bearer Of Ptra’s Holy Blade, Scion Of Usirian, Scion Of Nehek, The Great Chaser Of Nightmares, Keeper Of The Royal Herat, Founder Of The Mortuary Cult, Banisher Of The Grand Hierophant, High Lord Admiral Of The Deathfleets, Guardian Of The Charnal Pass, Tamer Of The Liche King, Unliving Jackal Lord, Dismisser Of The Warrior Queen, Charioteer Of The Gods, He Who Does Not Serve, Slayer Of Redditras, Scarab Purger, Favoured Of Usirian, Player Of The Great Game, Liberator Of Life, Lord Sand, Wrangler Of Scorpions, Emperor Of The Dunes, Eternal Sovereign Of The Khemri’s Legions, Seneschal Of The Great Sandy Desert, Curserer Of The Living, Regent Of The Eastern Mountains, Warden Of The Eternal Necropolis, Herald Of The All Heralds, Caller Of The Bitter Wind, God-tamer, Master Of The Mortis River, Guardian Of The Dead, Great Keeper Of The Obelisks, Deacon Of The Ash River, Belated Of Wakers, General Of The Mighty Frame, Summoner Of Sand Storms, Master Of All Necrotects, Prince Of Dust, Tyrant Of Araby, Purger Of The Greenskin Breathers, Killer Of The False God’s Champions, Tyrant Of The Gold Dunes, Golden Bone Lord, Avenger Of The Dead, Carrion-master, Eternal Warden Of Nehek’s Lands, Breaker Of Djaf’s Bonds, And Many More
34%
Karak KadrinUngrim Ironfist
34%
AvelornAlarielle the Radiant
33%
BordeleauxAlberic of Bordeleaux
33%
BonerattlazAzhag the Slaughterer
33%
Oracles of TzeentchKairos Fateweaver
33%
WintertoothThrogg the Troll-King
33%
Warherd of the One-EyeKhazrak the One-Eye
31%
Exiles of KhorneSkarbrand
31%
Hag GraefMalus Darkblade
30%
Heralds of ArielSisters of Twilight
30%
NagarytheAlith Anar
29%
Har GanethCrone Hellebron
29%
Wargrove of WoeDrycha
29%
Warherd of the ShadowgaveMorghur the Shadowgave
29%
Chevaliers de LyonesseRepanse de Lyonesse
29%
CarcassoneThe Fay Enchantress
29%
ItzaGor-Rok the Great White Lizard
28%
Clan PestilensLord Skrolk
27%
Karak ZornThorek Ironbrow
27%
The Last DefendersKroq-Gar
26%
Harbingers of DisasterMalagor the Dark Omen
26%
Clan MoulderThrot the Unclean
26%
The World WalkersWulfrik the Wanderer
26%
GoldtoothGreasus Goldtooth
25%
Clan RictusTretch Craventail
25%
Clan EshinDeathmaster Snikch
24%
The Northern ProvincesMiao Ying the Storm Dragon
23%
The Ice CourtTzarina Katarin
23%
The Thousand MawsBeastlord Rakarth
22%
The Blessed DreadLokhir Fellheart
22%
Spirit of the JungleNakai the Wanderer
22%
Followers of NagashArkhan the Black
21%
DreadfleetCount Noctilus
21%
Ursun RevivalistsBoris Ursus
19%
Court of LybarasHigh Queen Khalida
19%
Ghosts of PahuaxOxyotl
19%
Disciples of the MawSkrag the Slaughterer
18%
The Western ProvincesZhao Ming the Iron Dragon
17%
BretonniaLouen Leoncoeur
16%
The AwakenedLuthor Harkon
16%
The Great OrthodoxyKostaltyn
15%
Warriors of Chaos/TzeentchSarthorael the Everwatcher
15%
Exiles of NehekGrand Hierophant Khatep
14%
TlaquaTiktaq-To
13%
Pirates of SartosaAranessa Saltspite
12%
The Cult of SotekTehenhauin
12%
The DrownedCylostra Direfin
9%

Score Distribution

Percentile by Number Answered

Percent of People with Each Score

Your Score History

You have not taken this quiz since the last reset